Дознание в органах внутренних дел (Запись № 10603865)

Подробности
000 -МАРКЕР
контрольное поле 02758nam0a2200445 4500
001 - ИДЕНТИФИКАТОР ЗАПИСИ
контрольное поле RU\NLR\BIBL_A\010303219
005 - ИДЕНТИФИКАТОР ВЕРСИИ
контрольное поле 20260503053956.0
010 ## - МЕЖДУНАРОДНЫЙ СТАНДАРТНЫЙ НОМЕР КНИГИ (ISBN)
Номер (ISBN) 978-5-16-006901-2
Уточнения print
010 ## - МЕЖДУНАРОДНЫЙ СТАНДАРТНЫЙ НОМЕР КНИГИ (ISBN)
Номер (ISBN) 978-5-16-100536
Уточнения online
Тираж 400
021 ## - НОМЕР ГОСУДАРСТВЕННОЙ РЕГИСТРАЦИИ
Код страны Российская Федерация
Номер 2014-9538
Номер Листа государственной регистраци 598
035 ## - ДРУГИЕ СИСТЕМНЫЕ НОМЕРА
Идентификатор записи (NLR Aleph) 010303219
035 ## - ДРУГИЕ СИСТЕМНЫЕ НОМЕРА
Идентификатор записи (NILC)RuMoRGB-006747054
100 ## - ДАННЫЕ ОБЩЕЙ ОБРАБОТКИ
Данные общей обработки 20140408d2014 u y0rusy50 ca
101 0# - ЯЗЫК РЕСУРСА
Язык текста, звукозаписи и т.д. русский
102 ## - СТРАНА ПУБЛИКАЦИИ ИЛИ ПРОИЗВОДСТВА
Страна публикации Российская Федерация
105 ## - ПОЛЕ КОДИРОВАННЫХ ДАННЫХ: ТЕКСТОВЫЕ МАТЕРИАЛЫ, МОНОГРАФИЧЕСКИЕ
Кодированные данные о монографическом текстовом документе y|||j||||00yy
200 1# - ЗАГЛАВИЕ И СВЕДЕНИЯ ОБ ОТВЕТСТВЕННОСТИ
Основное заглавие Дознание в органах внутренних дел
Сведения, относящиеся к заглавию историко-правовой аспект
-- учебное пособие
-- для студентов высших учебных заведений, обучающихся по направлениям подготовки 031001.65 "Правоохранительная деятельность" и 030901.65 "Правовое обеспечение национальной безопасности" (квалификация - специалист)
Первые сведения об ответственности М. А. Маков, А. В. Борисов, Ю. В. Рыжова, К. Л. Яковлев
Последующие сведения об ответственности под общ. ред. д.ю.н., проф. Р. С. Мулукаева
210 ## - ПУБЛИКАЦИЯ, РАСПРОСТРАНЕНИЕ И ДР.
Место издания, распространения и т.д. Москва
Имя издателя, распространителя и т. д. ИНФРА-М
Дата издания, распространения и т.д. 2014
215 ## - ФИЗИЧЕСКАЯ ХАРАКТЕРИСТИКА
Специфическое обозначение материала и объем 123, [2] с.
Размеры 21
225 1# - СЕРИЯ
Основное заглавие серии Высшее образование - Бакалавриат
225 1# - СЕРИЯ
Основное заглавие серии Бакалавриат
300 ## - ОБЩИЕ ПРИМЕЧАНИЯ
Текст примечания На обороте тит.л. авт.: Маков М. А., Борисов А. В., доц., к.ю.н., Рыжова Ю. В., к.ю.н., Яковлев К. Л., доц., к.ю.н.
320 ## - ПРИМЕЧАНИЯ О НАЛИЧИИ В ДОКУМЕНТЕ БИБЛИОГРАФИИ / УКАЗАТЕЛЯ
Текст примечания Библиогр. в конце кн. (126 назв.) и в подстроч. примеч.
606 1# - НАИМЕНОВАНИЕ ТЕМЫ КАК ПРЕДМЕТ
Наименование темы Дознание
Формальный подзаголовок Учебные издания для высших учебных заведений
Географический подзаголовок Российская Федерация
Системный номер авторитетной/нормативной записи 2077674
Идентификатор авторитетной/нормативной записи RU\NLR\auth\661253355
675 ## - УНИВЕРСАЛЬНАЯ ДЕСЯТИЧНАЯ КЛАССИФИКАЦИЯ (UDC/УДК)
Индекс 351.74(075.8)
686 1# - ИНДЕКСЫ ДРУГИХ КЛАССИФИКАЦИЙ
Индекс Х629.372.1я73
701 #1 - ИМЯ ЛИЦА - АЛЬТЕРНАТИВНАЯ ОТВЕТСТВЕННОСТЬ
Начальный элемент ввода Маков
Часть имени, кроме начального элемента ввода М. А.
Расширение инициалов личного имени Михаил Анатольевич
701 #1 - ИМЯ ЛИЦА - АЛЬТЕРНАТИВНАЯ ОТВЕТСТВЕННОСТЬ
Графика поля Кириллица
Материалы, к которым относится поле rus
Начальный элемент ввода Борисов
Часть имени, кроме начального элемента ввода А. В.
Дополнения к именам, кроме дат канд. юрид. наук
Даты 1950-
Расширение инициалов личного имени Александр Владимирович
Системный номер авторитетной/нормативной записи 5491
Идентификатор авторитетной/нормативной записи RU\NLR\AUTH\7722433
701 #1 - ИМЯ ЛИЦА - АЛЬТЕРНАТИВНАЯ ОТВЕТСТВЕННОСТЬ
Начальный элемент ввода Рыжова
Часть имени, кроме начального элемента ввода Ю. В.
Расширение инициалов личного имени Юлия Валерьевна
701 #1 - ИМЯ ЛИЦА - АЛЬТЕРНАТИВНАЯ ОТВЕТСТВЕННОСТЬ
Графика поля Кириллица
Материалы, к которым относится поле rus
Начальный элемент ввода Яковлев
Часть имени, кроме начального элемента ввода К. Л.
Дополнения к именам, кроме дат д-р юрид. наук
Расширение инициалов личного имени Константин Леонидович
Системный номер авторитетной/нормативной записи 128401
Идентификатор авторитетной/нормативной записи RU\NLR\AUTH\770128432
702 #1 - ИМЯ ЛИЦА - ВТОРИЧНАЯ ОТВЕТСТВЕННОСТЬ
Начальный элемент ввода Мулукаев
Часть имени, кроме начального элемента ввода Р. С.
Даты 1929-
Расширение инициалов личного имени Роланд Сергеевич
Код отношения Редактор
801 #0 - ИСТОЧНИК ЗАПИСИ
Страна Российская Федерация
Организация RuMoRKP
Дата составления 20140227
Правила каталогизации RCR
801 #2 - ИСТОЧНИК ЗАПИСИ
Страна Российская Федерация
Организация РГБ
Дата составления 20140307
Правила каталогизации rcr
801 #1 - ИСТОЧНИК ЗАПИСИ
Страна Российская Федерация
Организация RuMoRKP
Дата составления 20140227
Источник данных rusmarc
942 ## - ДОПОЛНИТЕЛЬНЫЕ ЭЛЕМЕНТЫ ЗАПИСИ (АБИС)
Тип экземпляра АБИС Книга
980 ## - КОЛЛЕКЦИЯ
Название коллекции НБР
980 ## - КОЛЛЕКЦИЯ
Название коллекции Национальная библиография

Нет доступных экземпляров.